Macroeconomics (Record no. 55197)
[ view plain ]
| 000 -LEADER | |
|---|---|
| fixed length control field | 00636nam a2200229Ia 4500 |
| 001 - CONTROL NUMBER | |
| control field | 55264 |
| 008 - FIXED-LENGTH DATA ELEMENTS--GENERAL INFORMATION | |
| fixed length control field | 120904n2010 ii |||gr||||Z||||||465 |
| 020 ## - INTERNATIONAL STANDARD BOOK NUMBER | |
| International Standard Book Number | 0-07-059407-4 |
| 082 ## - DEWEY DECIMAL CLASSIFICATION NUMBER | |
| Classification number | 339 |
| 245 #0 - TITLE STATEMENT | |
| Title | Macroeconomics |
| Statement of responsibility, etc. | Rudiger Dornbusch |
| Medium | Textual Documents |
| 250 ## - EDITION STATEMENT | |
| Edition statement | 9th ed. |
| 260 ## - PUBLICATION, DISTRIBUTION, ETC. | |
| Place of publication, distribution, etc. | New Delhi |
| Name of publisher, distributor, etc. | Tata Mcgraw-Hill Education Private Ltd. |
| Date of publication, distribution, etc. | 2010 |
| 300 ## - PHYSICAL DESCRIPTION | |
| Extent | 607: |
| Other physical details | illus. |
| 653 ## - INDEX TERM--UNCONTROLLED | |
| Uncontrolled term | Macroeconomics & related topics |
| 653 ## - INDEX TERM--UNCONTROLLED | |
| Uncontrolled term | PG-Economics |
| 653 ## - INDEX TERM--UNCONTROLLED | |
| Uncontrolled term | G-Economics |
| 653 ## - INDEX TERM--UNCONTROLLED | |
| Uncontrolled term | Economics |
| 700 ## - ADDED ENTRY--PERSONAL NAME | |
| Personal name | Dornbusch, |
| Relator term | Rudiger, |
| -- | ., |
| 700 ## - ADDED ENTRY--PERSONAL NAME | |
| Personal name | Fischer, |
| Relator term | Stanley., |
| 700 ## - ADDED ENTRY--PERSONAL NAME | |
| Personal name | Startz, |
| Relator term | Richard., |
| 942 ## - ADDED ENTRY ELEMENTS (KOHA) | |
| Source of classification or shelving scheme | Dewey Decimal Classification |
| Koha item type | Books |
| Withdrawn status | Lost status | Damaged status | Not for loan | Collection | Home library | Current library | Shelving location | Date acquired | Source of acquisition | Coded location qualifier | Total checkouts | Full call number | Barcode | Date last seen | Copy number | Price effective from | Koha item type | Public note | Total renewals | Date last checked out |
|---|---|---|---|---|---|---|---|---|---|---|---|---|---|---|---|---|---|---|---|---|
| Dr. Suryya Kumar Bhuyan Library | Dr. Suryya Kumar Bhuyan Library | 04/09/2012 | EC | 00000 | 339 Do 735 Ma | 752/Eco | 14/01/2024 | 1 | 04/09/2012 | Books | EC | |||||||||
| Dr. Suryya Kumar Bhuyan Library | Dr. Suryya Kumar Bhuyan Library | 04/09/2012 | EN | 00000 | 1 | 339 Do 735 Ma | 751/Eco | 24/03/2025 | 1 | 04/09/2012 | Books | EN | 2 | 28/01/2025 |
